The Office US Character Quiz - Statistics

General Stats
  • This quiz has been taken 66 times
    50 since last reset
  • The average score is 37 of 67
Answer Stats
Answer % Correct
Jim
100%
Angela
96%
Michael
96%
Pam
96%
Andy
93%
Dwight
91%
Erin
91%
Jan
91%
Toby
91%
Darryl
89%
Kevin
89%
Meredith
89%
Phyllis
89%
Stanley
89%
Oscar
87%
Creed
84%
Karen
84%
Kelly
84%
Ryan
84%
David
80%
Jo
78%
Roy
76%
Holly
73%
Bob
69%
Gabe
69%
Robert California
69%
Robert Lipton
69%
Nellie
60%
Pete
60%
Todd
60%
Carol
53%
Clark
53%
Mose
53%
Katy
49%
Val
47%
Charles
42%
Helene
42%
Nate
42%
Tony
42%
Cece
40%
Deangelo
40%
Josh
40%
Hannah
38%
Phillip
38%
Donna
36%
Ed
36%
AJ
33%
Cathy
33%
Danny
29%
Gil
29%
Hank
29%
Hunter
29%
Devon
27%
Isabel
27%
Madge
27%
Martin
27%
Lynn
24%
Ronni
24%
Vikram
24%
Jordan
22%
Rolando
20%
Hidetoshi
18%
Melissa
18%
Lonny
16%
Luke
16%
Ravi
16%
Sasha
16%
No matching quizzes found
Score Distribution
Percent of People with Each Score
Percentile by Number Answered
Your Score History
You have not taken this quiz since the last reset